Erase the Americas Quiz Stats

 Plays Quiz Updated May 21, 2018

Also try: Erase the USA
Challenge
Share
Tweet
Score 0/35 Timer 05:00
123 Plays Today
% Correct
???
42.7%
???
42.6%
???
42.5%
???
42.4%
???
41.1%
???
40.4%
???
38.7%
???
37%
???
37%
???
35.9%
???
34.8%
???
34.5%
???
34.2%
???
34%
???
33.8%
???
33.7%
???
33.3%
???
33.2%
% Correct
???
32.9%
???
30.6%
???
29.7%
???
29.2%
???
28.9%
???
28.7%
???
27.9%
???
26.7%
???
26.3%
???
24%
???
19.3%
???
17.4%
???
16.4%
???
16.3%
???
15.6%
???
15.1%
???
14.8%

You're not logged in!

Compare scores with friends on all Sporcle quizzes.
OR
Log In

You Might Also Like...

Show Comments

Extras

Top Quizzes Today


Score Distribution

Your Account Isn't Verified!

In order to create a playlist on Sporcle, you need to verify the email address you used during registration. Go to your Sporcle Settings to finish the process.

Report this User

Report this user for behavior that violates our Community Guidelines.

Details: